000
00280nam a22001217a 4500
008
170526b xxu||||| |||| 00| 0 eng d
041
_a
eng
080
_a
625.7/.8
100
_a
25
101
_a
IM
245
_a
FEDERAL AVIATION REGULATIONS
_c
JEPPESEN SANDERSON
942
_2
udc
_c
BK
999
_c
14432
_d
14432